Capitals of 2016 Olympics non countries Quiz Stats

 Plays Quiz not verified by Sporcle

Score 0/12 Timer 01:30
0 Plays Today
% Correct
Hong Kong
88.6%
San Juan
85.2%
None
75%
None
72.7%
Oranjestad
65.9%
Hamilton
61.4%
Pago Pago
56.8%
Charlotte Amalie
44.3%
Hagatna
36.4%
George Town
26.1%
Road Town
23.9%
Avarua
18.2%

You're not logged in!

Compare scores with friends on all Sporcle quizzes.
OR
Log In

Sporcle TV

Today on Sporcle TV


Watch our educational content, quiz creation guides, and fun videos on Sporcle TV.

Show Comments

Extras

Top Quizzes Today


Score Distribution

Your Account Isn't Verified!

In order to create a playlist on Sporcle, you need to verify the email address you used during registration. Go to your Sporcle Settings to finish the process.

Report this User

Report this user for behavior that violates our Community Guidelines.

Details: